INTRODUCTION TO SUPPLY CHAIN MANAGEMENT (Record no. 189761)

MARC details
000 -LEADER
fixed length control field 00362nam a22001337a 4500
020 ## - INTERNATIONAL STANDARD BOOK NUMBER
International Standard Book Number 978-93-325-5527-3
082 ## - DEWEY DECIMAL CLASSIFICATION NUMBER
Classification number 658.7 HAN/IN
100 ## - MAIN ENTRY--PERSONAL NAME
Personal name ROBERT B HANDFIELD, ERNEST L NICHOLS JR.
245 ## - TITLE STATEMENT
Title INTRODUCTION TO SUPPLY CHAIN MANAGEMENT
250 ## - EDITION STATEMENT
Edition statement 1
260 ## - PUBLICATION, DISTRIBUTION, ETC. (IMPRINT)
Place of publication, distribution, etc. CHENNAI
Name of publisher, distributor, etc. PEARSON INDIA EDUCATION PVT. LTD.
Date of publication, distribution, etc. 2015
300 ## - PHYSICAL DESCRIPTION
Extent 183
942 ## - ADDED ENTRY ELEMENTS (KOHA)
Source of classification or shelving scheme Dewey Decimal Classification
Koha item type Books (General)
Holdings
Withdrawn status Lost status Source of classification or shelving scheme Damaged status Not for loan Collection code Home library Current library Shelving location Date acquired Cost, normal purchase price Total Checkouts Full call number Date last seen Date checked out Price effective from Koha item type
    Dewey Decimal Classification     Malayalam College of Co-operation, Banking & Management Library, Vellanikkara College of Co-operation, Banking & Management Library, Vellanikkara   18/09/2017 279.00 1 658.7 HAN/IN 28/09/2017 28/09/2017 18/09/2017 Books (General)
Kerala Agricultural University Central Library
Thrissur-(Dt.), Kerala Pin:- 680656, India
Ph : (+91)(487) 2372219
E-mail: librarian@kau.in
Website: http://library.kau.in/